| 000 | 00381nam a2200133 a 4500 | ||
|---|---|---|---|
| 001 | 4930 | ||
| 003 | CDMR | ||
| 005 | 20130116135302.0 | ||
| 008 | 130130s2007||||||||||||||||||||||||||||d | ||
| 040 |
_aCDMR _bcat _cCPC GIRONA |
||
| 245 | 0 |
_aIntel·ligència col·lectiva _bNoves fronteres de la ciència, l'art i el pensament _cVaris |
|
| 260 |
_c2007 _bGeneralitat de Catalunya |
||
| 942 | _cMON | ||
| 999 |
_c4930 _d4930 |
||